000 00762nam a2200241 a 4500
999 _c10904
_d10904
001 10904
003 BD-JhCC
005 20200401134008.0
008 190527b20092017bg a|||| ||a| 000 0 ben d
020 _a9789848798027
035 _a(BD-JhCC)10904
040 _aBD-JhCC
_dBD-JhCC
041 _aben
082 _a891.443
_bBON 2017
100 _aবন্দ্যোপাধ্যায়, মানিক
245 _aকিশোর রচনাসমগ্র /
_cমানিক বন্দ্যোপাধ্যায় ।
260 _aঢাকা,
_bঅবসর;
_c২০১৭.
300 _a303 p. :
_c22 cm.
650 _aBengali Novel
700 _aসৈয়দ আজিজুল হক
942 _2ddc
_cBK
_07